000 00326nam a2200133Ia 4500
005 20260326235445.0
008 260326s9999||||xx |||||||||||||| ||und||
100 _aTerranova, Antonino
245 0 _aSkyscrapers /
_cAntonino Terranova
260 _bWhite Star
300 _a311 p.
650 _aARQUITECTURA CIVIL
942 _cBK
999 _c7565
_d7565